000 00305nam a2200121Ia 4500
008 190216s9999||||xx |||||||||||||| ||und||
100 _aLal Nigam B M&Amp; Sharma G L
245 0 _aTheory And Technics Of Cost Accounting
260 _bVrinda Pub
_c1990
300 _a812p
650 _aCommerce
942 _cBK
999 _c5470
_d5470